000 00398nam a22001697a 4500
005 20180703111723.0
008 160629b xxu||||| |||| 00| 0 eng d
020 _a81-203-2633-4
041 _aeng
082 _b10805
_a658
100 _aAltekar, Rahul V
_91944
245 _aEnter Prisewide Resource Planning
260 _bPHI
_c2004
300 _a148
650 _aManagement
_9241
942 _cBK
999 _c4642
_d4640